000
00311nam a22001337a 4500
020
_a
978-93-86531-95-7
082
_a
894.812.3
_b
ARI/N
100
_a
ARIMBOOR,VARGHESE
245
_a
NEELIMUTHASSIYUM KILIYAMMAYUM
260
_a
THRISSUR
_b
H&C STORES
_c
2022
300
_a
48
650
_a
STORY
_z
KERALA
942
_c
BK
999
_c
7094
_d
7094